000 00526nam a2200229Ia 4500
003 IT-RoPAU
008 120407s9999 xx 000 0 und d
040 _aIT-RoPAU
040 _cIT-RoPAU
041 _aita
100 _aMichael Finch
245 _aGilbert Keith Chesterton
250 _aCinisello Balsamo
260 _aEdizioni Paoline
260 _c1990
300 _a455 p.
300 _c21,5 cm
490 _aLe opere, i giorni: i protagonisti della cultura
490 _v17
942 _cBK
999 _c34818
_d34818